000 00874nam a2200253Ia 4500
003 OSt
005 20220927103014.0
006 a|||||r|||| 00| 0
007 ta
008 220926b |||||||| |||| 00| 0 eng d
024 _a18084
037 _cReference Collections
040 _aRTL
_cRTL
_beng
041 _2eng
_aeng
082 _a"Y:5.1.N75<--N70, L4/UN"
110 _a"United Nations, Economic and Social Affairs (Deptt of-)"
245 0 _a"Concise report on the world population situation in, 1970-1975 nd its long- range implications"
260 _aNew
_bYork UN
_c1974
300 _a"iii,70p"
_ccm.
490 _a"United Nations, Population studies.56"
700 _a"United Nations, Economic and Social Affairs (Deptt of-)"
942 _h"Y:5.1.N75<--N70, L4/UN"
_cCC
999 _c680411
_d680411